00985cam a22002657a 450000500170000000800410001701000100005801100100006803500100007809000090008810000370009724501120013450000910024659000410033759000410037859000410041959000410046059000420050165000290054365000440057270000380061690100070065494900410066199900170070220220329141240.0971010s r 00010 d a65133 a66105 a74057 aR-5700aSánchez Loera, Sergio.9107648 0aSelección y características de durazneros (Prunus persica L. Batsch) sometidos a tres rangos de humedad aSobretiro de : Rivista di Agricultura Subtropicale e Tropicale 81 (1-2): 147-164, 1987 aBATCH-UPDb10c20130110lUCH01h0418 aBATCH-UPDb10c20130110lUCH01h2210 aBATCH-UPDb10c20130410lUCH01h0052 aBATCH-UPDb10c20130914lUCH01h1004 aCONVERSIONb10c20130109lUCH01h133614aDuraznoxHumedad.93460714aDuraznoxResistencia a sequía.9346260 aBorys, Michal Wlodzimierz.913960 aBK aR-57bFcLIBROd-6906eTS1i74057si c65133d65133